000 01126nam a22003257a 4500
003 CHAP
005 20220329134558.0
008 971013s1925 r 00010 d
010 _a22466
011 _a23438
035 _a27534
040 _cCHAP
082 _a632.72
_bC58
110 _aComisión Científica Exploradora de la Plaga de la Langosta en el Estado de Veracruz
_925659
245 _aInforme presentado al Instituto de Higiene
260 _aMéxico, D. F. :
_bTalleres Gráficos de la Nación,
_c1925
300 _a140 p.
_b: ilus.
490 _aMonografía del Instituto de Higiene
_v; 3
590 _aBATCH-UPD
_b10
_c20130110
_lUCH01
_h0252
590 _aBATCH-UPD
_b10
_c20130110
_lUCH01
_h2131
590 _aBATCH-UPD
_b10
_c20130409
_lUCH01
_h2322
590 _aBATCH-UPD
_b10
_c20130914
_lUCH01
_h1619
590 _aCONVERSION
_b10
_c20130109
_lUCH01
_h1313
650 1 4 _aLangosta como plaga.
_964759
700 0 _aHoffmann, Carlos C.
_955799
830 0 _aMonografía del Instituto de Higiene
_v; 3
_977549
901 _aBK
942 _cLIBRO
949 _a632.72 C58
_bBC
_cBPA
_d-63889
_eBPA
_h23132
_i27534
_si
999 _c22466
_d22466